| 000 | 02043nam a2200217Ia 4500 | ||
|---|---|---|---|
| 003 | Ost | ||
| 005 | 20260507075028.0 | ||
| 008 | 260507s9999||||xx |||||||||||||| ||und|| | ||
| 040 | _cfsecg | ||
| 041 | _aara | ||
| 082 | _a340 | ||
| 100 |
_aالمصري، محمد وليد _eمؤلف |
||
| 245 | 0 |
_aالوجيز في شرح القانون الدولي الخاص : _bدراسة مقارنة للقانون الأردني مع التشريعات العربية والقانون الفرنسي / _c محمد وليد المصري |
|
| 260 |
_aعمان: _bدار مكتبة حامد, _c2002 |
||
| 300 |
_a432 صفحة؛ _bإيضاحات ؛ _c24 سم |
||
| 520 | _aالتعريف بالقانون الدولي الخاص، تنازع الإختصاص التشريعي، تاريخ تنازع القوانين ومفهومه، قواعد تنازع القوانين، المبادئ المتبعة لحل تنازع القوانين، القواعد الأردنية لتنازع القوانين، قواعد الإسناد المتعلقة بالأحوال الشخصية، قواعد الإسناد المتعلقة بالاموال، الإلتزامات التعاقدية، الإلتزمات غير التعاقدية، قواعد الإسناد المتعلقة بشكل التصرفات القانونية، تطبيق القانون الأجنبي، دور القاضي في أعمال قاعدة الإسناد، حالات إستبعاد القانون الأجنبي، النظام العام الدولي، الدفع بالإحتيال على القانون، تنازع الإختصاص القضائي الدولي، الإختصاص القضائي الدولي الأردني، أصول المحاكمات ذات العنصر الاجنبي، تنفيذ الأحكام الأجنبية في المملكة الأردنية الهاشمية | ||
| 653 | _aالقانون الخاص المقارن | ||
| 653 | _aالقانون الدولي الخاص | ||
| 653 | _aالقانون الدولي- الأردن | ||
| 942 | _cكتاب | ||
| 999 |
_c42360 _d42360 |
||